| 000 | 00466nam a22001697a 4500 | ||
|---|---|---|---|
| 001 | 21018 | ||
| 003 | IVS | ||
| 005 | 20250626031031.0 | ||
| 008 | 230125b |||||||| |||| 00| 0 eng d | ||
| 040 | _cIVS | ||
| 082 |
_223 _a378 IND |
||
| 110 | _aIndus Valley School of Art & Architecture | ||
| 245 | _aGraduate directory (2007) | ||
| 260 |
_aKarachi: _b/Indus Valley School of Art & Architecture, _c2007. |
||
| 300 |
_a115 p. _b:illustrations. |
||
| 942 |
_2ddc _cARCH _n0 |
||
| 999 |
_c14670 _d14670 |
||